LEADER 01410nam2-2200457li-450 001 990000131050203316 005 20180312154835.0 010 $a3-540-11658-3 035 $a0013105 035 $aUSA010013105 035 $a(ALEPH)000013105USA01 035 $a0013105 100 $a2001990041987-------y0itay0103----ba 101 0 $aeng 102 $aGW 200 1 $aGeometry I$fMarcel Berger$gtranslated from the French by M. Cole and S. Levy 210 $aBerlin [etc.]$cSpringer-Verlag$dcopyr. 1987 215 $aXIII, 427 p.$cill.$d24 cm 225 2 $aUniversitext$v0 312 $aTrad. di: géométrie 410 0$10010013106$12001$aUniversitext 610 1 $ageometria 676 $a516$9Geometria 700 1$aBerger,$bMarcel$0440912 702 1$aCole,$bMichael 702 1$aLEVY,$bSilvio 801 $aSistema bibliotecario di Ateneo dell' Università di Salerno$gRICA 912 $a990000131050203316 951 $a516 BER 1$b11633/CBS$c516$d00220987 951 $a516 BER 2$c11634/CBS$c516$d00220982 959 $aBK 969 $aSCI 979 $c19900413 979 $c20001110$lUSA01$h1711 979 $c20020403$lUSA01$h1620 979 $aPATRY$b90$c20040406$lUSA01$h1610 979 $aPATRY$b90$c20061123$lUSA01$h1402 979 $aRSIAV6$b90$c20090514$lUSA01$h1012 979 $aRSIAV6$b90$c20090514$lUSA01$h1014 996 $aGeometry I$9921832 997 $aUNISA LEADER 01071nam0-2200337---450 001 990009559740403321 005 20230124120539.0 010 $a9780787996918 035 $a000955974 035 $aFED01000955974 035 $a(Aleph)000955974FED01 035 $a000955974 100 $a20120419d2008----km-y0itay50------ba 101 0 $aeng 105 $a--------001yy 200 1 $aMuseum marketing and strategy$edesigning missions, building audiences, generating revenue and resources$fNeil G. Kotler, Philip Kotler, Wendy I. Kotler 205 $a2nd ed. 210 $aSan Francisco$cJossey-Bass$d2008 215 $aXXX, 511 p.$cill.$d24 cm 610 0 $aMusei$aOrganizzazione 676 $a069.0684 700 1$aKotler,$bNeil$0147959 701 1$aKotler,$bPhilip$f<1931- >$034994 701 1$aKotler,$bWendy I.$f<1947- >$0326797 801 0$aIT$bUNINA$gRICA$2UNIMARC 901 $aBK 912 $a990009559740403321 952 $a706 KOTN 01$bDip.Disc.St.13135$fFLFBC 959 $aFLFBC 996 $aMuseum marketing and strategy$9846875 997 $aUNINA LEADER 01148nam 2200373 450 001 9910714991703321 005 20200806222531.0 035 $a(CKB)3790000000347977 035 $a(OCoLC)1182471605 035 $a(EXLCZ)993790000000347977 100 $a20200804d1979 ua 0 101 0 $aeng 135 $aur||||||||||| 181 $ctxt$2rdacontent 182 $cc$2rdamedia 183 $acr$2rdacarrier 200 10$aBrazil /$fprepared by Dr. Rubens Medina 210 1$aWashington, D.C. :$cHispanic Law Division, Law Library, Library of Congress,$d1979. 215 $a1 online resource (2 pages) 300 $aTypescript. 300 $a"April 1979"--Page 2. 320 $aIncludes bibliographical references. 606 $aExecutive power$zBrazil 606 $aCentral planning$xLaw and legislation$zBrazil 615 0$aExecutive power 615 0$aCentral planning$xLaw and legislation 700 $aMedina$b Rubens$01231432 712 02$aLibrary of Congress.$bHispanic Law Division, 801 0$bDLC 801 1$bGPO 906 $aBOOK 912 $a9910714991703321 996 $aBrazil$93473155 997 $aUNINA